000
00166nam a22000857a 4500
082
_a
ALG
100
_a
Alg
245
_a
Mathematics for science engineering
942
_c
BK
999
_c
15322
_d
15322